00250nam a22000977a 4500008004100000041000800041080001000049100000600059101001100065245007600076180426b xxu||||| |||| 00| 0 eng d aeng a043.3 a0 aARK-BA aProjektimi i nje Lagjje ne Zone Rurale- Shtepi IndividualecKrasniqi, I